| 000 | 01112nam0a22002771 4500 | ||
|---|---|---|---|
| 001 | rc\3410903 | ||
| 005 | 20250610000703.0 | ||
| 021 |
_aRU _b[72-71044] |
||
| 035 | _a(NLR Aleph) 007577874 | ||
| 090 |
_a5476039 _c5476039 |
||
| 100 | _a20130115d1972 |||y0rusy50 ca | ||
| 101 | 0 | _arus | |
| 102 | _aRU | ||
| 105 | _ay z ||||| | ||
| 200 | 1 |
_aСтенографический отчет _fЗаседания Верховного Совета РСФСР восьмого созыва (третья сессия) 29-30 июня 1972 г. |
|
| 210 |
_a[Москва] _cВерховный Совет РСФСР _c[Известия] _d1972 |
||
| 215 |
_a239 с. _d21 |
||
| 601 | 0 | 2 |
_aВерховный Совет РСФСР _jЗаконы и постановления _z1972 _2psbo |
| 606 |
_aАвтомобильные дороги _yРСФСР _2psbo |
||
| 606 |
_aВодный кодекс РСФСР _2psbo |
||
| 710 | 1 | 2 | _aРСФСР. Верховный Совет. Созыв (8). Сессия (3) |
| 801 | 0 |
_aRU _bNLR _gpsbo |
|
| 801 | 1 |
_aRU _bELAR _2rusmarc |
|
| 852 |
_aNLR _j72-5/2975 |
||
| 942 | _cBOOK | ||
| 980 | _aNB | ||